1297 1711 1206 1953 1544 1032 1859 1049 1495 1590 1829 1951 1484 1381 1134 1387 1839 1220 1517 1561 1001 1343 1458 1079 1061 1987 1449 1128 1872 1643 1521 1437 1127 1404 1832 1706 1559 1694 1442 1971 1443 1394 1894 1825 1030 1771 1497 1911 1867 1269 1279 1531 1024 1857 1998 1971 1784 1331 1886 1442 1623 1467 1422 1746 1692 1987 1991 1810 1742 1482 1494 1179 1818 1956 1667 1620 1611 1410 1464 1321 1171 1127 1825 1176 1604 1306 1111 1376 1998 1632 1729 1954 1339 1373 1520 1960 1001 1852 1023 BCNSPRNW ULIB Ver.6.0+V

เปลี่ยนเป็นภาษาไทย

Change to English
 แสดงรายละเอียดบรรณานุกรม
  กลับหน้าหลัก

Brief Record : Get Marc (ISO 2709) : E-mail record : QR code < ปิดหน้าต่าง
LEADER : 00000nam 2200000uu 4500
001    13399125159
003     ULIB
008    161025s2558||||th 000 0 tha d
099    ^aวจ.WG340^bส753ผ
100 0  ^aสุจิตรา ทัดเที่ยง, มณฑนา อัจฉริยศักดิ์ชัย และกชกร สายบุญศรี
245 00 ^aผลการใช้กิจกรรมส่งเสริมสุขภาพที่บ้านต่อพฤติกรรมการดูแลสุขภาพตนเองของผู้สูงอายุโรคความดันโลหิตสูงในชุมชนดีอินทร์พัฒนา จังหวัดพิษณุโลก ^cสิรีรัตน์ อายุวัฒน์, มณฑนา อัจฉริยศักดิ์ชัย และกชกร สายบุญศรี
260    ^aพิษณุโลก:^bวิทยาลัยพยาบาลบรมราชชนนี พุทธชินราช^c2558
300    ^a62 หน้า
700 0  ^aมณฑนา อัจฉริยศักดิ์ชัย
700 0  ^aกชกร สายบุญศรี
945    ^p0^l0^i001408
999    ^aณรีรัตน์
รายการนี้ยังไม่มีแท็ก
คุณยังไม่ได้ล็อกอิน คุณสามารถมีกิจกรรมร่วมกับเว็บไซต์ได้ แต่ต้องล็อกอินก่อน ::
  ล็อกอิน

รายการสื่อสารสนเทศ

ลำดับที่ ประเภท เลขเรียก/บาร์โค้ด สถานที่ สถานะ
1. งานวิจัย
งานวิจัย
วจ.WG340 ส753ผ ฉ.1 
  Barcode: 001408
ห้องสมุดวิทยาเขตสวรรค์ประชารักษ์
►วิจัย
บนชั้น

BibComment


ยังไม่เคยถูกคอมเมนท์

คอมเมนท์ทรัพยากรรายการนี้
  คอมเมนท์: ผลการใช้กิจกรรมส..


 Copyright 2026. Bcnsprnw @Library